Nhật ký trong tù: Tác phẩm và lời bình /
Giới thiệu các bài thơ trong tập thơ "Nhật kí trong tù" của Hồ Chí Minh và phân tích, bình giảng một số bài trong tập thơ này
Сохранить в:
| Формат: | |
|---|---|
| Язык: | Vietnamese |
| Опубликовано: |
H. :
van hoc,
2007.
|
| Предметы: | |
| Метки: |
Добавить метку
Нет меток, Требуется 1-ая метка записи!
|
| Thư viện lưu trữ: | Mạng thư viện Đại học Đà Nẵng |
|---|
| LEADER | 01140nam a22003011a 4500 | ||
|---|---|---|---|
| 001 | 000039293 | ||
| 003 | 15588 | ||
| 005 | 20241205153204.0 | ||
| 008 | 160412s2007 000 | ||
| 020 | |c 41000đ |d 1000b | ||
| 040 | |a LNN | ||
| 041 | |a vie | ||
| 082 | 1 | 4 | |a 895.9221 |b NH-K |
| 245 | 0 | |a Nhật ký trong tù: Tác phẩm và lời bình / |c Tôn Thảo Miên Dịch. | |
| 260 | |a H. : |b van hoc, |c 2007. | ||
| 300 | |a 267 tr. ; |c 24 cm. | ||
| 520 | |a Giới thiệu các bài thơ trong tập thơ "Nhật kí trong tù" của Hồ Chí Minh và phân tích, bình giảng một số bài trong tập thơ này | ||
| 650 | |a Nhật ký trong tù: Tác phẩm và lời bình | ||
| 653 | |a Nhat ky trong tu | ||
| OWN | |a LNN | ||
| 902 | |a Tham khao TV | ||
| AVA | |a UDN50 |b LNN |d 895.9221 NH-K |e available |t Error 5001 Not defined in file expand_doc_bib_avail. |f 3 |g 0 |h N |i 0 | ||
| 999 | |a From the UDN01 | ||
| AVA | |a UDN50 |b LNN |d 895.9221 NH-K |e available |t Error 5001 Not defined in file expand_doc_bib_avail. |f 3 |g 0 |h N |i 0 | ||
| TYP | |a Monograph | ||
| 980 | |a Mạng thư viện Đại học Đà Nẵng | ||